000 00449nam a2200169Ia 4500
003 IN-BaIIA
008 211028s9999 xx 000 0 eng d
040 _cIIA Library
080 _a031
_bNAY-6
100 _aNayak,H. M.
_914303
245 0 _aKannada Visvakosa
_bvol. VI.
_cH. M. Nayak
260 _aMysore
_bUniversity of Mysore
_c1973
300 _a989p.
650 _aEncyclopaedia
_914304
650 _aKannada Encyclopaedia
_914305
942 _cBK
999 _c8532
_d8532